00797cam a2200217 4500001001300000003000400013005001700017008004100034010001700075025002000092040001800112050001500130082001800145110004900163245020900212260006800421300001800489650002300507651003200530999001700562sa 68014606 DLC20260227112633.0700209s1968 io f000 0 eng  asa 68014606  aPL480:Indo-7656 aDLCcDLCdDLC00aHJ69b.B1400a354.91/007/221 aIndonesia.bPresident (1967-1998 : Soeharto)10aIntroductory address by the Acting President of the Republic of Indonesia General Soeharto before the Gotong-Royong House of Representatives, October 16, 1967,band the government financial note for 1968. a[Djakarta]bDept. of Information, Republic of Indonesiac[1968] a95 p.c19 cm. 0aBudgetzIndonesia. 0aIndonesiaxEconomic policy. c85909d85909